Exkurzia po miestach ťažby a spracovania rudných surovín na Slovensku I. časť II. časť

Bibliographic Details
Main Author: Jesenák, Karol, 1951- (Author)
Format: Software eBook
Language:Slovak
PhysicalDescription:1 elektronický optický disk (CD-ROM) fareb. 12 cm
Published: V Bratislave Univerzita Komenského, Prírodovedecká fakulta 2011
ISBN:9788022331272
Subjects:
Online Access:http://www.fns.uniba.sk/?jesenak

MARC

LEADER 00000nam a2200000 a 4500
001 vtls010341743
003 SK-MaSNL
005 20260425223151.0
007 co cg auuua
008 240318s2011 xo | fsp 001 0dslo
015 |a SNBS2013 
020 |a 9788022331272  |q (elektronická kniha) 
040 |a SNK  |b slo  |c SNK  |e AACR2 
041 0 |a slo 
043 |a e-xo--- 
044 |a xo  |c SK 
072 7 |a 549  |x Mineralógia  |2 konspekt 
072 7 |a 553  |x Ložisková geológia  |2 konspekt 
072 7 |a 622  |x Baníctvo  |2 konspekt 
080 |a (437.6)  |2 2001 
080 |a 553  |2 2001 
080 |a 622.3  |2 2001 
080 |a 622.34  |2 2001 
080 |a 55  |2 2001 
080 |a (075)  |2 2001 
080 |a (0.034.44)  |2 2001 
080 |a 549  |2 2001 
100 1 |a Jesenák, Karol,  |d 1951-  |4 aut  |9 190437 
245 1 0 |a Exkurzia po miestach ťažby a spracovania rudných surovín na Slovensku  |n I. časť  |n II. časť  |h elektronický zdroj  |c Karol Jesenák 
260 |a V Bratislave  |b Univerzita Komenského, Prírodovedecká fakulta  |c 2011 
300 |a 1 elektronický optický disk (CD-ROM)  |b fareb.  |c 12 cm 
500 |a Biogr. údaje 
500 |a Názov z titulnej obrazovky 
504 |a Bibliogr. odkazy, register 
516 |a Textový dokument (učebnica), súbory vo formáte pdf 
538 |a Technické požiadavky: PDF prehliadač 
650 0 7 |a nerasty  |2 SNKPH  |9 844 
650 0 7 |a nerastné suroviny  |2 SNKPH  |9 69294 
650 0 7 |a ťažba nerastných surovín  |2 SNKPH  |9 67682 
650 0 7 |a ťažba rudy  |2 SNKPH  |9 31436 
650 0 7 |a geológia  |2 SNKPH  |9 167377 
650 0 7 |a Minerals  |2 SNKPHeng  |9 329697 
650 0 7 |a Raw materials  |2 SNKPHeng  |9 267192 
650 0 7 |a Mineral mining  |2 SNKPHeng  |9 329698 
650 0 7 |a Ore mining  |2 SNKPHeng  |9 329699 
650 0 7 |a Geology  |2 SNKPHeng  |9 267026 
651 7 |a Slovensko  |2 SNKPH  |9 14231 
651 7 |a Slovakia  |2 SNKPHeng  |9 92630 
655 7 |a elektronické zdroje  |2 SNKPH  |9 90954 
655 7 |a CD-ROM  |2 SNKPH  |9 70236 
655 7 |a učebnice  |2 SNKPH  |9 22521 
655 7 |a Textbooks  |2 SNKPHeng  |9 276731 
655 7 |a Electronic resources  |2 SNKPHeng  |9 175546 
752 |a Slovensko  |d Bratislava 
856 4 1 |u http://www.fns.uniba.sk/?jesenak 
919 |a 978-80-223-3127-2 
958 |a NB 
999 |c 578378  |d 580308 
952 |a SNK  |b SNK  |y PREZ  |7 0  |p 17A0877960  |o snkSCDM 4435  |i snk2012/3871  |8 0  |0 0  |1 0  |4 0  |d 2012-02-14  |l 0  |r 2026-02-23 14:40:48  |w 2026-02-23